000 01319nam2a22002891 4500
001 rc\1182761
005 20250621234227.0
010 _91500
_dБ.ц.
021 _aRU
_b80-64055
035 _a(NLR Aleph) 005980423
090 _a7022708
_c7022708
100 _a20070321d1980 |||y0rusy50 ca
101 0 _arus
102 _aRU
105 _ay a||||||||
200 1 _aКооперация
_hкн. 2
210 _d1980
_aБ. м.
215 _a179 с.
461 0 _1001rc\1189761
_12001#$aНародное хозяйство СССР в 1921-1925 гг.$eУказ. сов. лит., 1921-1974 гг.$eВ 4 ч.$f[Сост. Е.В. Бажанова, Т.П. Богатырева, А.Б. Бродская и др.]$vЧ. 3
_96964442
_cМосква
_d1980-1988
_f[составители: Е.В. Бажанова, Т.П. Богатырева, А.Б. Бродская и др.]
_nИНИОН
_oуказатель советской литературы, 1921-1974 гг. : в 4-х частях
_tНародное хозяйство СССР в 1921-1925 гг.
_vЧ. 3
606 1 _aКооперация
_jБиблиография
_yСССР
_91121350
_3RU\NLR\AUTH\66444359
686 1 _aУ9(2)08я1
801 0 _aRU
_bNLR
_gpsbo
801 1 _aRU
_bELAR
_2rusmarc
852 _aNLR
_jС К-1/164
942 _cBOOK
980 _aNB